| 000 | 00745nam a2200229Ia 4500 | ||
|---|---|---|---|
| 003 | GCL | ||
| 008 | 140319s9999 xx 000 0 ara d | ||
| 040 |
_aGCL / _cGCL |
||
| 082 | 0 | 4 |
_a928.1 _bا ح |
| 100 | 1 | _aاميلى, فلورنس | |
| 245 | 1 | 0 |
_aحياة توماس هاردى / _cاميلى, فلورنس |
| 700 | 1 | _aمصطفى حبيب | |
| 260 |
_a[S.N] : _bمؤسسة سجل العرب ، _c1966 |
||
| 300 | _a350 ص | ||
| 490 |
_aالالف كتاب _v0 |
||
| 650 | 0 | 4 | _aالتراجم الادبية |
| 650 | 0 | 4 | _aالشعر الانجليزى المترجم |
| 650 | 0 | 4 | _aالادباء الانجليزيون |
| 650 | 0 | 4 | _aالادب الانجليزى المترجم |
| 650 | 0 | 4 | _aتوماس هاردى |
| 942 |
_2ddc _cBK |
||
| 999 |
_c34955 _d34955 |
||